Megastädte Asiens - Statistiken

Allgemein
  • Dieses Quiz wurde 71 mal gespielt
  • Das Durchschnittsergebnis liegt bei 23 aus 30
Antwortstatistiken
Einwohner Land Stadt % Korrekt
41.0 Mio. Japan Tokio
100%
21.2 Mio. Thailand Bangkok
97%
40.8 Mio. China Shanghai
97%
25.1 Mio. Südkorea Seoul
95%
34.6 Mio. Indien Delhi
93%
15.9 Mio. Türkei Istanbul
93%
21.2 Mio. China Peking
93%
27.2 Mio. Philippinen Manila
92%
29.2 Mio. Indonesien Jakarta
90%
27.1 Mio. Indien Mumbai
90%
22.5 Mio. Bangladesch Dhaka
89%
16.5 Mio. Iran Teheran
89%
17.7 Mio. Indien Kalkutta
84%
17.7 Mio. Japan Osaka
84%
70.1 Mio. China Guangzhou
82%
12.2 Mio. China Wuhan
80%
20.9 Mio. Pakistan Karatschi
77%
14.5 Mio. Pakistan Lahore
74%
14.2 Mio. Indien Bengaluru
72%
11.4 Mio. Indien Hyderabad
72%
17.3 Mio. China Chengdu
70%
12.6 Mio. Indien Chennai
70%
13.9 Mio. Vietnam Ho-Chi-Minh-Stadt
70%
12.8 Mio. China Xian
70%
14.9 Mio. China Xiamen
67%
10.5 Mio. Japan Nagoya
66%
13.9 Mio. China Hangzhou
51%
11.0 Mio. China Changsha
48%
10.9 Mio. China Chungking
38%
11.5 Mio. China Tientsin
38%
Keine übereinstimmenden Quizze gefunden
Verteilung der Resultate
Anzahl Personen mit jedem Resultat
Perzentil nach korrekt beantworteten Fragen
Ihre Resultats-Entwicklung
Sie haben dieses Quiz noch nicht gespielt